Loveday's letters domestick and forreign : to several persons, occasionally distributed in subjects philosophical, historical, and moral. By R. Loveday, Gent. the late translator of the three first parts of Cleopatra.

Bibliographic Details
Main Author: Loveday, Robert, fl. 1655
Other Authors: Loveday, Anthony
Format: eBook
Language:English
Published: London : printed for N.B. and are to be sold by Benjamin Billingsley at the Printing-Press in Broadstreet, 1669.
Edition:The fourth impression.
Series:Early English books online.
Subjects:
Online Access:Connect to the full text of this electronic book

MARC

Tag First Indicator Second Indicator Subfields
LEADER 00000nam a2200000 4500
001 in00004319521
005 20200812075945.0
006 m g d
007 cr bn |||a|bb|
008 950425s1669 enk o 00| | eng d
035 |a (UnM)99828621 
037 |a CL0037000074  |b ProQuest Information and Learning. 300 N. Zeeb Rd., Ann Arbor, MI 48106 
040 |a Cu-RivES  |c Cu-RivES  |d CStRLIN  |e dcrb  |d WaOLN 
100 1 |a Loveday, Robert,  |d fl. 1655. 
245 0 0 |a Loveday's letters domestick and forreign :  |b to several persons, occasionally distributed in subjects philosophical, historical, and moral. By R. Loveday, Gent. the late translator of the three first parts of Cleopatra. 
246 2 |a Loveday's letters. The perswasive secretary. 
250 |a The fourth impression. 
260 |a London :  |b printed for N.B. and are to be sold by Benjamin Billingsley at the Printing-Press in Broadstreet,  |c 1669. 
300 |a 1 online resource ([16], 64, 67-161, 164-210, 209-219, 222-224, 227-275, [15] pages :  |b illustrations, portrait. 
336 |a text  |b txt  |2 rdacontent 
337 |a computer  |b c  |2 rdamedia 
338 |a online resource  |b cr  |2 rdacarrier 
500 |a Dedication signed by editor: Antho. Loveday. 
500 |a Running title reads: Loveday's letters. The perswasive secretary. 
500 |a Text continuous despite pagination. 
500 |a Imperfect: H7v-H8r and P6v-P7r not filmed. 
500 |a Reproduction of the original in the British Library. 
510 4 |a Wing (2nd edition)  |c L3228. 
533 |a Electronic reproduction.  |b Ann Arbor, Mich. :  |c UMI,  |d 1999-  |f (Early English books online)  |n Digital version of: (Early English books, 1641-1700 ; 1915:12)  |7 s1999 miun s 
600 1 0 |a Loveday, Robert,  |d fl. 1655  |v Early works to 1800. 
650 0 |a English letters  |v Early works to 1800. 
700 1 |a Loveday, Anthony. 
830 0 |a Early English books online. 
856 4 0 |u http://proxy.library.tamu.edu/login?url=https://search.proquest.com/docview/2240864219  |z Connect to the full text of this electronic book  |t 0 
999 f f |s cd6f232a-b0ed-36b4-9c85-8da59e045b28  |i f17b9cdf-3a3f-3714-abb8-40d8847731ee  |t 0 
952 f f |a Texas A&M University  |b College Station  |c Electronic Resources  |d Available Online  |t 0  |h No information provided 
998 f f |t 0  |l Available Online